Online
Catalog
Normal view MARC view

Entry Nombre de reunión

Number of records used in: 1

001 - NÚMERO DE CONTROL

  • campo de control: 56277

003 - IDENTIFICADOR DEL NÚMERO DE CONTROL

  • campo de control: OSt

005 - FECHA Y HORA DE LA ÚLTIMA TRANSACCIÓN

  • campo de control: 20200615034748.0

008 - DATOS DE LONGITUD FIJA

  • campo de control de longitud fija: 200615|| aca||aabn | a|a d

040 ## - FUENTE DE LA CATALOGACIÓN

  • Centro catalogador/agencia de origen: OSt
  • Centro/agencia transcriptor: OSt

111 ## - ENCABEZAMIENTO--NOMBRE DE CONGRESO/REUNIÓN

  • Nombre de congreso/reunión o jurisdicción como elemento de entrada: [Exposición Domingo Batista XL]
  • Número del congreso/reunión o número de parte o sección: (40a. :
  • Fecha del congreso/reunión: 2005, jul 5-2 oct.
  • Sede del congreso/Lugar de la reunión: Santiago de los Caballeros)

670 ## - FUENTE DE DATOS ENCONTRADOS

  • Cita de la fuente: Work cat.: (OSt)28897: [Exposición Domingo Batista XL] (40a. : 2005, jul 5-2 oct. Santiago de los Caballeros), Domingo Batista XL :, 2005.

Powered by Koha